| 000 | 02162nam2a2200361 4500 | ||
|---|---|---|---|
| 001 | RU\NLR\BIBL_A\011517650 | ||
| 005 | 20250626083013.0 | ||
| 010 |
_a978-5-89076-242-9 _9300 |
||
| 035 | _a(NLR Aleph) 011517650 | ||
| 090 |
_a12080476 _c12080476 |
||
| 100 | _a20171108d2015 |||y0rusy50 ca | ||
| 101 | 0 | _arus | |
| 102 | _aRU | ||
| 105 | _aac z 000yy | ||
| 200 | 1 |
_aИсторический музей - энциклопедия отечественной истории и культуры _fотв. ред. к.ист.н. А.Д. Яновский |
|
| 210 |
_d2015 _aБ. м. |
||
| 215 |
_a438, [1] с. _cил., портр. _d21 |
||
| 225 | 2 |
_aТруды Государственного исторического музея _vвып. 199 _iЗабелинские научные чтения _v2012 |
|
| 320 | _aБиблиогр. в конце ст. | ||
| 461 | 0 |
_1001RU\NLR\INFOCOMM16\1000046938 _12001#$aТруды Государственного исторического музея$vВып. 199 _92283971 _aГосударственный исторический музей (Москва) _cМ. _d1926 - _nСоветская Россия _tТруды Государственного исторического музея _vВып. 199 |
|
| 462 | 0 |
_1001RU\NLR\INFOCOMM29\5000117819 _12001#$aЗабелинские научные чтения$v2012 _92149613 _cМ. _d1995- _nГИМ _tТруды Государственного исторического музея. - Забелинские научные чтения _v2012 |
|
| 601 | 0 | 2 |
_aГосударственный исторический музей _cМосква, город _jСборники _92282204 _3RU\NLR\AUTH\661367259 |
| 606 | 1 |
_aМузееведение _jСборники _yРоссийская Федерация _92218636 _3RU\NLR\AUTH\6601565682 |
|
| 607 |
_aРоссия _jСборники _xИстория _91554184 _3RU\NLR\AUTH\66979780 |
||
| 686 | 1 | _aЧ774(2Р)я43 | |
| 686 | 1 | _aТ3(2)л61я43 | |
| 686 | 1 | _aТ3(2)я43 | |
| 702 | 1 |
_aЯновский _bА. Д. _4340 |
|
| 852 |
_aNLR _jП22/1557 _yс вып. 17 (1947) |
||
| 942 | _cISSUE | ||
| 980 | _aNB | ||
| 980 | _aRUSPER | ||